000 01117pam a2200301 a 4500
999 _c8097
_d8097
001 4506458
003 GZU
005 20210517100814.0
008 980407s1998 enka b 001 0 eng
010 _a 98021063
020 _a1840645709
040 _aDLC
_cDLC
_dDLC
050 0 0 _aHG3815
_b.ALD 1998
082 0 0 _a332.4/56/09
_221
100 1 _aAldcroft, Derek Howard.
245 1 0 _aExchange rate regimes in the twentieth century /
_cDerek H. Aldcroft, Michael J. Oliver.
260 _aCheltenham, UK ;
_aNorthampton, MA :
_bEdward Elgar Publishing,
_cc1998.
300 _axiii, 210 p. :
_bill. ;
_c24 cm.
504 _aIncludes bibliographical references (p. 179-199) and index.
650 0 _aForeign exchange rates
_xHistory.
650 0 _aInternational finance
_xHistory.
700 1 _aOliver, Michael J.
856 4 2 _3Book review (H-Net)
_uhttp://www.h-net.org/review/hrev-a0b3w7-aa
906 _a7
_bcbc
_corignew
_d1
_eocip
_f19
_gy-gencatlg
942 _2olc
_cBK
_h3815
_iALD
_kHG